Movies Quiz

Random Movies or Famous Quiz

Famous Actors By Their Unfamous Name Quiz Stats

Quiz Updated Aug 29, 2012

Also try: What's My Name!?
Challenge
Share
Tweet
Embed
Score 0/20 Timer 05:00
2 Plays Today
Birth Name Actor % Correct
Carlos EstevezCharlie Sheen
84.3%
Chan Kong-sangJackie Chan
77.2%
Norma Jeane MortensonMarilyn Monroe
74%
Natalie HershlagNatalie Portman
74%
Cherilyn SarkisianCher
72.9%
Helen MironoffHelen Mirren
66.7%
Margaret HyraMeg Ryan
63.8%
Allen KonigsbergWoody Allen
50.3%
Marion Mitchell MorrisonJohn Wayne
49.2%
Frederick AusterlitzFred Astaire
47.5%
Birth Name Actor % Correct
Archibald LeachCary Grant
47.2%
Kalpen ModiKal Penn
38%
Dino Paul CrocettiDean Martin
38%
Issur DanielovitchKirk Douglas
36.2%
Jeanette MorrisonJanet Leigh
30.5%
Roy Harold SchererRock Hudson
27.3%
Jonathan LeibowitzJon Stewart
24.5%
Lucille Fay LeSueurJoan Crawford
18.9%
Laszlo LowensteinPeter Lorre
16.8%
Phylis Lee IsleyJennifer Jones
5%

You're not logged in!

Compare scores with friends on all Sporcle quizzes.
Sign Up with Email
OR
Log In

You Might Also Like...

Show Comments

Extras

Top Quizzes Today


Score Distribution

Your Account Isn't Verified!

In order to create a playlist on Sporcle, you need to verify the email address you used during registration. Go to your Sporcle Settings to finish the process.